Statistics for Random Countries of Oceania with a Map

Click here to take the quiz!

General Stats

  • This quiz has been taken 885 times
  • The average score is 5 of 6

Answers on the Map

Answers color-coded by a green-red scale on the quiz's map according to % correct below.
 

Answer Stats

Country% Correct
Australia
100%
New Zealand
100%
Tuvalu
100%
Kiribati
96%
Papua New Guinea
95%
Fed. States of Micronesia
94%
Fiji
94%
Marshall Islands
94%
Solomon Islands
94%
Vanuatu
93%
Palau
89%
Samoa
88%
Tonga
88%
Nauru
84%

Score Distribution

Percentile by Number Answered

Percent of People with Each Score

Your Score History

You have not taken this quiz